De quel type sont ces fromages ? - Statistiques

Statistiques générales
  • Ce quiz a été pris 41 fois
  • Le résultat moyen est 8 sur 35
Statistiques - réponses
Hint Réponse % Correct
Coulommiers Pâte molle à croûte fleurie ou naturelle
41%
Brie de Meaux Pâte molle à croûte fleurie ou naturelle
41%
Bleu de Bresse Pâte persillée
35%
Beaufort Pâte pressée cuite
35%
Comté Pâte pressée cuite
35%
Petit Morin Fromage frais
32%
Maroilles Pâte molle à croûte lavée
32%
Roquefort Pâte persillée
32%
Cailladou Fromage frais
30%
Fourme de Montbrison Pâte persillée
30%
Abondance Pâte pressée cuite
30%
Epoisses Pâte molle à croûte lavée
27%
Sainte-Maure-de-Touraine Pâte molle à croûte fleurie ou naturelle
24%
Rollot Pâte molle à croûte lavée
24%
Tomme du Jura Pâte pressée cuite
24%
Gris de Lille Pâte molle à croûte lavée
22%
Livarot Pâte molle à croûte lavée
22%
Satonnay Fromage frais
19%
Boulette de Cambrai Fromage frais
19%
Picodon Pâte molle à croûte fleurie ou naturelle
19%
Morbier Pâte pressée non cuite
19%
Saint-Nectaire Pâte pressée non cuite
19%
Forbans Fromage frais
16%
Vézelay Pâte molle à croûte fleurie ou naturelle
16%
Chapelou Pâte non pressée non cuite
16%
Tome de Rhuys Pâte non pressée non cuite
14%
Montbriac Pâte persillée
14%
Cantal Pâte pressée non cuite
14%
Campalou Pâte non pressée non cuite
11%
Souréliette du Fédou Pâte non pressée non cuite
11%
Glazik Pâte persillée
11%
Reblochon Pâte pressée non cuite
11%
Artison Pâte non pressée non cuite
8%
Thollon Pâte pressée cuite
3%
Boule de Lille Pâte pressée non cuite
3%
Aucun quiz correspondant
Distribution des résultats
% des personnes avec chaque résultat
Percentile par nombre de réponses
Votre historique - résultats
Vous n’avez pas pris ce quiz